000 01453cam a2200421 a 4500
001 14596
003 OSt
005 20260331103022.0
008 080819s2009 njua b 001 0 eng
010 _a 2008036198
015 _aGBA8A5369
_2bnb
016 7 _a014708035
_2Uk
020 _a9780470074688
_qcloth
020 _a047007468X
_qcloth
035 _a15417729
035 _a(OCoLC)209788024
040 _aDLC
_cDLC
_dBTCTA
_dBAKER
_dYDXCP
_dUKM
_dC#P
_dBWX
_dDLC
050 0 0 _aTH145
_b.A417 2009
082 0 0 _a690 ALL
_223
_b14596
100 1 _aAllen, Edward,
_d1938-
245 1 0 _aFundamentals of building construction :
_bmaterials and methods /
_cEdward Allen and Joseph Iano.
250 _a5th ed.
260 _aHoboken, N.J. :
_bWiley,
_cc2009.
300 _axii, 996 p. :
_bill. ;
_c29 cm.
336 _atext
_btxt
_2rdacontent
337 _aunmediated
_bn
_2rdamedia
338 _avolume
_bnc
_2rdacarrier
504 _aIncludes bibliographical references and index.
650 0 _aBuilding.
650 0 _aBuilding materials.
650 0 _2Construction methods
700 1 _aIano, Joseph.
856 4 1 _3Table of contents only
_uhttp://www.loc.gov/catdir/toc/ecip0826/2008036198.html
906 _a7
_bcbc
_corignew
_d1
_eecip
_f20
_gy-gencatlg
942 _2ddc
_cBK
_n0
999 _c10391
_d10391